000 00734nam a2200289Ia 4500
005 20260324140106.0
008 008 260324s9999 xx 000 0 eng d
020 _a9781315051703
037 _aEBOOK
040 _aCRL
040 _beng
040 _cCRL
041 _2eng
041 _aeng
084 _qCRL
100 _aRobert F. McNergney; Clayton Keller; Robert Mcnergney; Clayton Keller
_91203097
245 0 _aImages of Mainstreaming
245 0 _bEducating Students with Disabilities
260 _bTaylor and Francis
260 _c1999
365 _a
365 _b150
856 _uhttp://www.taylorfrancis.com/books/9781315051703
942 _cEBOOK
999 _c1804789
_d1804789